000 00902nam a22002535i 4500
001 11560
003 ES-MaACL
005 20250818232000.0
007 t|
008 920526s1990 sp ||||0| spa d
020 _a84-87191-35-5
040 _aM-BN
_bspa
_cM-BN
080 _a612.394.7
245 0 4 _aLos islotes de Langerhans, un órgano multiendocrino
_b: fundamentos moleculares del sistema endocrino, implicaciones fisiopatológicas /
_ceditores, Enrique Blázquez y Jorge Tamarit.
260 _aMadrid :
_bCentro de Estudios Ramón Areces,
_cD.L. 1990.
300 _a483 p :
_bil ;
_c24 cm.
595 _aBibliografía: p. 481-483.
650 1 4 _aIslotes de Langerhans.
_913920
700 1 _aBlázquez Fernández, Enrique.
_929449
700 1 _aTamarit, Jorge.
_9109144
710 2 _aFundación Ramón Areces
_94401
852 _aES-MaACL
_jL-18949
_bR.123928
999 _c11560
_d11560